| 000 | 01664cam a2200361 a 4500 | ||
|---|---|---|---|
| 001 | 15053731 | ||
| 005 | 20090828071155.0 | ||
| 008 | 071022s2008 ii a |rb 001 0 eng | ||
| 010 | _a 2007042898 | ||
| 020 | _a9780761936503 (hard back) | ||
| 040 |
_aDLC _cDLC _dDLC |
||
| 043 |
_aa-np--- _aaz----- |
||
| 050 | 0 | 0 |
_aJS7180.3.A3 _bL63 2008 |
| 082 | 0 | 0 |
_a320.8095496 _222 _bDEM |
| 245 | 0 | 0 |
_aLocal Democracy in South Asia : _bMicroprocesses of Democratization in Nepal and its Neighbours / _cEdited by David N. Gellner, Krishna Hachhethu. |
| 260 |
_aNew Delhi ; _aThousand Oaks : _bSAGE Publications, 2008 _c2008. |
||
| 300 |
_a472 p. : _bill. ; _c23 cm. |
||
| 490 | 0 |
_aGovernance, conflict and civic action ; _v1 |
|
| 504 | _aIncludes bibliographical references and index. | ||
| 505 | 0 | _aVolume1. Governance, Conflict, and Civic Action | |
| 650 | 0 |
_aLocal government _zNepal. _913194 |
|
| 650 | 0 |
_aDemocratization _zNepal. _913195 |
|
| 650 | 0 |
_aLocal government _zSouth Asia. _913196 |
|
| 650 | 0 |
_aDemocratization _zSouth Asia. _913197 |
|
| 651 | 0 |
_aNepal _xPolitics and government _y1990- _913198 |
|
| 651 | 0 |
_aSouth Asia _xEthnic relations _xPolitical aspects. _913199 |
|
| 700 | 1 |
_aGellner, David N. _913200 |
|
| 700 | 1 |
_aHachhethu, Krishna. _913201 |
|
| 856 | 4 | 1 |
_3Table of contents only _uhttp://www.loc.gov/catdir/toc/ecip083/2007042898.html |
| 942 |
_2ddc _cBB |
||
| 999 |
_c13801 _d13801 |
||